000 00507nam a2200217Ia 4500
005 20250425162700.0
008 250425s9999 xx 000 0 und d
020 _a9684228007
041 _aspa
043 _ack
082 _a658.503
100 _aBITTEL, LESTER R.
245 0 _aEL INCREMENTO DE LA PRODUCTIVIDAD
250 _aS.E
260 _aBOGOTA
260 _aColombia
_bMCGRAW - HILL
_c2000
300 _a518
650 _aPRODUCTIVIDAD DEL TRABAJO
942 _c01
010 _a96565
999 _c234272
_d234272